SUPREME COURT CIVIL APPEAL NO.6 OF 1999 FRANCIS SEMBUYA VS ALLPORTS SERVICES (U) LTD (Record no. 8444)
[ view plain ]
| 000 -LEADER | |
|---|---|
| fixed length control field | 00522nam a22001097a 4500 |
| 008 - FIXED-LENGTH DATA ELEMENTS--GENERAL INFORMATION | |
| fixed length control field | 160620b xxu||||| |||| 00| 0 eng d |
| 010 ## - LIBRARY OF CONGRESS CONTROL NUMBER | |
| LC control number | SCCAF:10 |
| 245 ## - TITLE STATEMENT | |
| Title | SUPREME COURT CIVIL APPEAL NO.6 OF 1999 FRANCIS SEMBUYA VS ALLPORTS SERVICES (U) LTD |
| 260 ## - PUBLICATION, DISTRIBUTION, ETC. (IMPRINT) | |
| Date of publication, distribution, etc | 1999 |
| 500 ## - GENERAL NOTE | |
| Materials specified | (CORAM: Wambuzi, C.J. Oder, Tsekooko, Karokora And Kanyeihamba J.J.S.C) |
| 500 ## - GENERAL NOTE | |
| Materials specified | (An Appeal from the decision of the Court of Appeal at Kampala (Manyindo-D.C.J. , Mpangi-Bahigaine, Twinomujuni J.C.A) dated 2/12/98, in Civil Appeal No.23 of 1997) |
| Withdrawn status | Lost status | Source of classification or shelving scheme | Damaged status | Koha normalized classification for sorting | Not for loan | Koha collection | Location (home branch) | Sublocation or collection (holding branch) | Shelving location | Date acquired | Koha issues (times borrowed) | Koha full call number | Piece designation (barcode) | Koha date last seen | Price effective from | Koha item type | Public note |
|---|---|---|---|---|---|---|---|---|---|---|---|---|---|---|---|---|---|
| Dewey Decimal Classification | SCCAF__1O | Reference | Law Development Centre Main Library | Law Development Centre Main Library | Reference | 06/20/2016 | SCCAF_1O | 210/2016 | 06/20/2016 | 06/20/2016 | Un Reported Cases | Judgement was entered on the 15th day of February 2000 | |||||
| Dewey Decimal Classification | SCCAF_10 | Law Development Centre Main Library | Law Development Centre Main Library | Law Reports | 07/10/2019 | SCCAF:10 | 507/2019 | 07/10/2019 | 07/10/2019 | Un Reported Cases | JUDGEMENT WAS ENTERED ON 15TH FEBRAURY 2000 | ||||||
| Dewey Decimal Classification | SCCAF_10 | Law Development Centre Main Library | Law Development Centre Main Library | Law Reports | 07/10/2019 | SCCAF:10 | 508/2019 | 07/10/2019 | 07/10/2019 | Un Reported Cases | JUDGEMENT WAS ENTERED ON 15TH OF FEBUARY 2000 |
